| 000 | 01389cam a22003254a 4500 | ||
|---|---|---|---|
| 001 | 12747253 | ||
| 005 | 20040121081721.0 | ||
| 008 | 020418s2002 nyua b 001 0 eng | ||
| 010 | _a 2002066601 | ||
| 020 | _a1571816704 | ||
| 020 | _a9781571816702 | ||
| 040 |
_aDLC _cDLC _dDLC |
||
| 042 | _apcc | ||
| 043 | _ae-gx--- | ||
| 050 | 0 | 0 |
_aGE199.G3 _bC85 2002 |
| 082 | 0 | 0 |
_a363.700943 _222 _bCUL |
| 245 | 0 | 4 |
_aThe Culture of German Environmentalism : _bAnxieties, Visions, Realities / _cEdited by Axel Goodbody. |
| 260 |
_aNew York : _bBerghahn Books, 2002 _c2002. |
||
| 300 |
_axi, 227 p. : _bill. ; _c24 cm. |
||
| 490 |
_924310 _aCulture and Society in Germany ; _n5 |
||
| 504 | _aIncludes bibliographical references (p. [207]-221) and index. | ||
| 650 | 0 |
_aEnvironmentalism _zGermany. _924311 |
|
| 653 |
_bPol _cMay2011 |
||
| 700 | 1 |
_aGoodbody, Axel, _d1950- _eedt _924312 |
|
| 856 | 4 | 2 |
_3Book review (H-Net) _uhttp://www.h-net.org/review/hrev-a0d0y0-aa |
| 856 | 4 | 1 |
_3Table of contents _uhttp://www.loc.gov/catdir/toc/fy037/2002066601.html |
| 942 |
_2ddc _cBB |
||
| 999 |
_c15443 _d15443 |
||